00389nam a2200109Ia 4500008004100000050002300041100003200064245004800096260008600144300003300230521001600263140724s9999 xx 000 0 und d aHB 615b.B183 2011 aBalenton, Gabriel Franco R. aTeacup Grill /cGabriel Franco R. Balenton. aLas Piñas, Philippines :bSouthville International School and Colleges,cc2011. a41 p. :bcol. Ill. ;c28 cm. aEntrepeneur